Ciències socials : història : prova d'accés al Cicle Formatiu de Grau Mitjà : centre de formació d'adults Can Batlló història :
Publicado:
Barcelona :
Diputació de Barcelona. Àrea d'Educació. Gerència de serveis d'Educació, [s.a.]
Descripción Física:
91 p. ; 30 cm
MARC
| LEADER | 00000nam a2200000Ia 4500 | ||
|---|---|---|---|
| 001 | 23839 | ||
| 008 | 160829s9999 xx 000 0 cat d | ||
| 080 | |a Bib-68 | ||
| 245 | |a Ciències socials : |b història : |b prova d'accés al Cicle Formatiu de Grau Mitjà : |b centre de formació d'adults Can Batlló | ||
| 260 | |a Barcelona : |b Diputació de Barcelona. Àrea d'Educació. Gerència de serveis d'Educació, [s.a.] | ||
| 300 | |a 91 p. ; |c 30 cm | ||
| 650 | |a Ciències socials |x Ensenyament |x Problemes, exercicis, etc. |9 49509 | ||
| 710 | |a Barcelona (Catalunya : Província). |b Gerència de Serveis d'Educació |9 52167 | ||
| 710 | 2 | |a Centre de Formació d'Adults Can Batlló |9 55011 | |
| 901 | |a Arxiu | ||
| 942 | |n 1 | ||
| 952 | |0 0 |1 0 |4 0 |6 BIB68 |7 1 |9 55414 |a Arxiu |b Arxiu |d 2016-12-01 |l 0 |o Bib-68 |p 23839 |r 2016-12-01 00:00:00 |w 2016-12-01 |y ARXIU | ||
| 999 | |c 59287 |d 59287 | ||